000 00856nam a2200265 4500
003 OSt
005 20260530113903.0
008 260422b1978 xxu |||| |||| 00| 0 eng d
020 _a0534005748
040 _aICI
_bspa
_cICI
050 _aLB2369
_b.R68 1978
100 1 _aRoth, Audrey J.
_932525
245 1 0 _aThe research paper :
_bform and content
_cAudrey J. Roth
250 _a3a edicion
264 1 _bWadsworth Publishing Company, Inc
_c1979
_aBelmont, California
300 _a189 páginas
_c23cm
336 _atexto
_2rdacontent
337 _asin medio
_2rdamedia
338 _avolumen
_2rdacarrier
500 _aGuía sobre la elaboración de trabajos de investigación académica.
650 _aInvestigación
_xMetodología.
_932526
650 _aRedacción de informes.
_932527
650 _aEscritura académica.
_932528
942 _2lcc
_cBK
999 _c11856
_d11856